000 00404nam a2200157Ia 4500
008 230917s9999||||xx |||||||||||||| ||und||
040 _e184437
_aMAIN
041 _aEnglish
082 _a820.712 E38D(3)
100 _aEaglestone, Robert
245 0 _aDoing English: A guide for literature students
250 _a3rd ed.
260 _aLondon
_bRoutledge
_c2009
300 _axiv, 174 p.
942 _cBK
999 _c161091
_d161091